| 000 | 00613nam a2200229Ia 4500 | ||
|---|---|---|---|
| 005 | 20260320201818.0 | ||
| 008 | 008 262003s9999 xx 000 0 eng d | ||
| 037 | _aEBOOK | ||
| 040 | _aCRL | ||
| 040 | _beng | ||
| 040 | _cCRL | ||
| 041 | _2eng | ||
| 041 | _aeng | ||
| 084 | _qCRL | ||
| 100 |
_aMertz _9915982 |
||
| 245 | 0 | _aCleaning Data for Effective Data Science: Doing the other 80% of the work with Python, R, and command-line tools | |
| 260 | _bIEEE | ||
| 856 | _uhttps://ieeexplore.ieee.org/servlet/opac?bknumber=10162982 | ||
| 942 | _cEBOOK | ||
| 999 |
_c1723674 _d1723674 |
||